000 00936nam a2200253Ia 4500
003 OSt
005 20220923220013.0
006 a|||||r|||| 00| 0
007 ta
008 220922b |||||||| |||| 00| 0 hin d
024 _a183,485
037 _cTextual
040 _aARTS
_cARTS
_bhin
041 _2hin
_ahin
082 _aO152,1:g(R5), M4
100 _aगुप्ता, सुधा
245 0 _aस्वान्त्रयोत्तर हिन्दी काव्य
_b सौन्दर्य शास्त्रीय विवेचन
246 _aSvāntrayottar hindī kāvya: saundarya shāstrīya vivechana
260 _aजयपुर
_b संधी प्रकाशन
_c1984
300 _a183 पृ.
_ccm.
650 _aहिन्दी साहित्य
_9156264
942 _hO152,1:g(R5), M4
_cTEXL
_2CC
999 _c336821
_d336821